• 首页
  • 本馆介绍
  • 公告通知
  • 最新文献
  • 馆藏检索
  • 电子资源
  • 读者导购
  • 参考咨询
  • 我的图书馆
  • 登录
  • 详细信息显示
  • 放入我的书架
  • 预约/预借图书
  • 作者相关作品
  • 分类相关作品
  • 丛书相关作品
  • 出版社相关作品

书目信息

  • 表格格式
  • 工作单格式
  • 卡片格式
题名:
数学题解辞典
    
 
作者: 唐秀颍 主编 ;李大元 编写
分册:  
出版信息: 上海   上海辞书出版社  1985
页数: 1215页
开本: 19cm
丛书名:
单 册:
中图分类: O1-61
科图分类:
主题词: 数学--解题--词典 , 代数--解题--词典
电子资源:
ISBN:
000 00728nam0 2200265 45
001 0185010515
005 20040924154603.9
010    @b精装@dCNY6.50
091    @a13187.3
100    @a19900816d1985 em y0chiy0121 ea
101 0  @achi
102    @aCN@b310000
105    @ay qe 000yy
106    @ar
200 10 @a数学题解辞典@Ashu xue ti jie ci dian@e代数@f唐秀颍主编@g李大元等编写
210    @a上海@c上海辞书出版社@d1985
215    @a1215页@d19cm
606    @a数学@x解题@x词典
606    @a代数@x解题@x词典
690    @aO1-61@v3
701  0 @a唐秀颍@Atang xiu ying@4主编
702  0 @a李大元@Ali da yuan@4编写
801  0 @aCN@b深圳图书馆@c20040923
801  2 @aCN@bNLC@c20040923
905    @dO1-61@e134:1@f1@b149835
    
    数学题解辞典:代数/唐秀颍主编/李大元等编写.-上海:上海辞书出版社,1985
    1215页;19cm
    
    
    ISBN (精装):CNY6.50
    
●
相关链接 在E读中查询图书 在五车中查询图书 在当当中查询图书 在豆瓣中查询图书


正题名:数学题解辞典     索取号:O1-61/134:1         预约/预借

序号 登录号 条形码 馆藏地/架位号 状态 备注
1 0149835   001962941   密集书库/ [索取号:O1-61/134:1] 在馆    
2 0149836   000556053   密集书库/ [索取号:O1-61/134:1] 在馆    
3 0149837   202091271   第二样本阅览室/ [索取号:O1-61/134:1] 在馆    
4 0254411   000556204   工具书阅览室/ [索取号:O1-61/134:1] 在馆    
5 0254412   000556160   密集书库/ [索取号:O1-61/134:1] 在馆    
唐山师范学院图书馆 欢迎您!
大连网信软件有限公司© 版权所有